Bác Hồ với đại hội Đảng

Bao gồm các văn kiện, bài nói, bài viết... của Bác tại Hội nghị hợp nhất, Đại hội lần thứ II, III của Đảng, Đại hội Đảng một số ngành, địa phương và một số bài viết của các đồng chí lão thành cách mạng ghi lại những kỉ niệm sâu sắc...

Description complète

Enregistré dans:
Détails bibliographiques
Format: Livre
Langue:Undetermined
Publié: Hà Nội Chính trị Quốc gia 2006
Sujets:
Tags: Ajouter un tag
Pas de tags, Soyez le premier à ajouter un tag!
Thư viện lưu trữ: Trung tâm Học liệu Trường Đại học Cần Thơ
LEADER 00927nam a2200193Ia 4500
001 CTU_110520
008 210402s9999 xx 000 0 und d
020 |c 19500 
082 |a 324.2597075 
082 |b B101 
245 0 |a Bác Hồ với đại hội Đảng 
260 |a Hà Nội 
260 |b Chính trị Quốc gia 
260 |c 2006 
520 |a Bao gồm các văn kiện, bài nói, bài viết... của Bác tại Hội nghị hợp nhất, Đại hội lần thứ II, III của Đảng, Đại hội Đảng một số ngành, địa phương và một số bài viết của các đồng chí lão thành cách mạng ghi lại những kỉ niệm sâu sắc về Bác tại các đại hội Đảng 
650 |a Communist parties 
650 |x Vietnam 
904 |i Giang 
980 |a Trung tâm Học liệu Trường Đại học Cần Thơ